000 00363nam a2200145Ia 4500
005 20251222144802.0
008 251222s9999||||xx |||||||||||||| ||spa||
020 _a978-9972-57-217-3
082 _a658.11/F82L/2015
100 _aFranco Concha, Pedro
245 0 _aPlanes de Negocios:
250 _a3a.ed.
264 _bUniversidad del PacĂ­fico
942 _cLIB
999 _c19773
_d19773